=LDR 00000nam 2200000 4500 =001 INLIS000000000013565 =005 20130612104934 =008 ***********************************Ind** =035 ##$$0010-061300000013565 =041 ##$$a Ind =082 ##$$a F Rom K =090 ##$$a F Rom K, Mil a =100 ##$$a Milton, Freddy =245 ##$$a Ahli coret-coret tembok, Freddy Milton =260 ##$$a 1992 $b Jakarta =300 ##$$a 48 hlm, Ilus, 28 cm =650 ##$$a Fiksi kanak-kanak =850 ##$$a NBPNMAT